<?xml version="1.0" encoding="UTF-8"?><?xml-stylesheet type="text/xsl" href="static/style.xsl"?><OAI-PMH xmlns="http://www.openarchives.org/OAI/2.0/" xmlns:xsi="http://www.w3.org/2001/XMLSchema-instance" xsi:schemaLocation="http://www.openarchives.org/OAI/2.0/ http://www.openarchives.org/OAI/2.0/OAI-PMH.xsd"><responseDate>2026-04-29T06:16:03Z</responseDate><request verb="GetRecord" identifier="oai:repisalud.isciii.es:20.500.12105/11996" metadataPrefix="marc">https://repisalud.isciii.es/rest/oai/request</request><GetRecord><record><header><identifier>oai:repisalud.isciii.es:20.500.12105/11996</identifier><datestamp>2025-04-08T10:54:00Z</datestamp><setSpec>com_20.500.12105_2052</setSpec><setSpec>com_20.500.12105_2051</setSpec><setSpec>col_20.500.12105_19608</setSpec></header><metadata><record xmlns="http://www.loc.gov/MARC21/slim" xmlns:dcterms="http://purl.org/dc/terms/" xmlns:doc="http://www.lyncode.com/xoai" xmlns:xsi="http://www.w3.org/2001/XMLSchema-instance" xsi:schemaLocation="http://www.loc.gov/MARC21/slim http://www.loc.gov/standards/marcxml/schema/MARC21slim.xsd">
   <leader>00925njm 22002777a 4500</leader>
   <datafield ind2=" " ind1=" " tag="042">
      <subfield code="a">dc</subfield>
   </datafield>
   <datafield ind2=" " ind1=" " tag="720">
      <subfield code="a">Galmés Truyols, Antònia</subfield>
      <subfield code="e">author</subfield>
   </datafield>
   <datafield ind2=" " ind1=" " tag="720">
      <subfield code="a">Herrera Guibert, Dionisio</subfield>
      <subfield code="e">author</subfield>
   </datafield>
   <datafield ind2=" " ind1=" " tag="720">
      <subfield code="a">Bonilla Vargas Luis Alberto</subfield>
      <subfield code="e">author</subfield>
   </datafield>
   <datafield ind2=" " ind1=" " tag="720">
      <subfield code="a">Luque Fernandez, Miguel Angel</subfield>
      <subfield code="e">author</subfield>
   </datafield>
   <datafield ind2=" " ind1=" " tag="720">
      <subfield code="a">Bosch Isabel, Catalina</subfield>
      <subfield code="e">author</subfield>
   </datafield>
   <datafield ind2=" " ind1=" " tag="720">
      <subfield code="a">Nicolau Riutort, Antoni</subfield>
      <subfield code="e">author</subfield>
   </datafield>
   <datafield ind2=" " ind1=" " tag="720">
      <subfield code="a">Caylà Buqueras, Joan</subfield>
      <subfield code="e">author</subfield>
   </datafield>
   <datafield ind2=" " ind1=" " tag="260">
      <subfield code="c">2011</subfield>
   </datafield>
   <datafield ind2=" " ind1=" " tag="520">
      <subfield code="a">[ES]  Estudio descriptivo de los casos de tuberculosis detectados por el Sistema de Vigilancia Epidemiológicaen Baleares, en el trienio de 2005 a 2007. El objetivo fue caracterizar los casos infradeclarados en términos sociodemográficos y de su contacto con la atención primaria de salud. Globalmente, la infra declaraciónde la tuberculosis se sitúa en torno al 20%. Las características que resultan significativas en el análisis multivariado son la marginalidad social (alcoholismo, usuarios de drogas por vía parenteral o indigencia) (odds ratio ajustada [ORa]:2,6 [1,2-5,3]), el contacto con la atención primaria (ORa:3,2 [1,4-7,1]) y la tuberculosis extrapulmonar (ORa:5,5 [3,2-9,6]). Se recomienda reforzar la notificación de los especialistas hospitalarios mediante la adecuación informática de la historia clínica hospitalaria, y se observa quela información obtenida desde la informatización de la historia en atención primaria resulta de utilidad para mejorar la vigilancia epidemiológica de la tuberculosis. [EN] We performed a descriptive study of tuberculosis cases detected by the Epidemiological Surveillance System in the Balearic Islands in the triennium 2005-2007. Our goal was to characterize underreported cases in sociodemographic terms and their contact with primary care. Overall, underreporting of tuberculosis was approximately 20%. Significant factors in multivariate analysis were social marginality (consisting of alcoholism, intravenous drug use or indigence) (aOR: 2.6 [1.2 to 5.3]), contact with primary care (aOR: 3.2 [1.4 to 7.1]), and extrapulmonary tuberculosis (aOR: 5.5[3.2-9.6]). We recommend strengthening notification by hospital specialists through the use of hospital electronic records. Our findings show that the information obtained from the primary care computerized history is helpful in improving the epidemiological surveillance of tuberculosis.</subfield>
   </datafield>
   <datafield ind1="8" ind2=" " tag="024">
      <subfield code="a">Gac Sanit. 2011;25(1):84-6</subfield>
   </datafield>
   <datafield ind1="8" ind2=" " tag="024">
      <subfield code="a">http://hdl.handle.net/20.500.12105/11996</subfield>
   </datafield>
   <datafield ind1="8" ind2=" " tag="024">
      <subfield code="a">21315493</subfield>
   </datafield>
   <datafield ind1="8" ind2=" " tag="024">
      <subfield code="a">10.1016/j.gaceta.2010.09.016</subfield>
   </datafield>
   <datafield ind1="8" ind2=" " tag="024">
      <subfield code="a">1578-1283</subfield>
   </datafield>
   <datafield ind1="8" ind2=" " tag="024">
      <subfield code="a">Gaceta sanitaria</subfield>
   </datafield>
   <datafield tag="653" ind2=" " ind1=" ">
      <subfield code="a">Tuberculosis</subfield>
   </datafield>
   <datafield tag="653" ind2=" " ind1=" ">
      <subfield code="a">Vigilancia epidemiológica</subfield>
   </datafield>
   <datafield tag="653" ind2=" " ind1=" ">
      <subfield code="a">Notificación de enfermedad</subfield>
   </datafield>
   <datafield tag="653" ind2=" " ind1=" ">
      <subfield code="a">Infradeclaración</subfield>
   </datafield>
   <datafield tag="653" ind2=" " ind1=" ">
      <subfield code="a">Regresión logística</subfield>
   </datafield>
   <datafield ind2="0" ind1="0" tag="245">
      <subfield code="a">Vigilancia de la tuberculosis en las Islas Baleares y caracterización de los casos infradeclarados entre los años 2005 y 2007</subfield>
   </datafield>
</record></metadata></record></GetRecord></OAI-PMH>